01648nam a2200325Ia 4500001001200000003000800012006001900020007001500039008004100054010001700095020001500112040002100127035002000148050002400168245031800192260005600510300002500566500016500591504005200756533015200808650004300960650005501003655002901058700002101087700002901108700002501137710001701162856012601179999001701305ebr10038677CaPaEBRm u cr cn|||||||||030714s2002 dcua sb 000 0 eng d z 2003545226 z0309085411 aCaPaEBRcCaPaEBR a(OCoLC)5286236314aRA565b.H385 2002eb00aHealth and the environment in the southeastern United Statesh[electronic resource] /cHoward Frumkin, Richard J. Jackson, and Christine M. Coussens, editors ; Roundtable on Environmental Health Sciences, Research, and Medicine, Division of Health Sciences Policy, Institute of Medicine of the National Academies. aWashington, D.C. :bNational Academy Press,cc2002. axviii, 66 p. :bill. a"Regional workshop, Rebuilding the Unity of Health and the Environment in the Southeastern United States, was held in Atlanta, Georgia, on June 27, 2001"--Pref. aIncludes bibliographical references (p. 48-52). aElectronic reproduction.bPalo Alto, Calif. :cebrary,d2009.nAvailable via World Wide Web.nAccess may be limited to ebrary affiliated libraries. 0aEnvironmental healthzSouthern States. 0aEnvironmentally induced diseaseszSouthern States. 7aElectronic books.2local1 aFrumkin, Howard.1 aJackson, Richard,d1945-1 aCoussens, Christine.2 aebrary, Inc.40uhttp://site.ebrary.com/lib/rucke/Doc?id=10038677zAn electronic book accessible through the World Wide Web; click to view c56999d56999